000 00647nam a2200253Ia 4500
003 OSt
005 20220912151743.0
006 a|||||r|||| 00| 0
007 ta
008 220909b |||||||| |||| 00| 0 eng d
024 _a53881
037 _cTextual
040 _aCSL
_beng
_cCSL
041 _aeng
082 _aK:556, M7.1
100 _aDejours P Ed.
245 0 _aComparative physiology of environmental adaptations
260 _aBasel
_bKarger
_c1987
300 _a204p.
_ccm.
650 _a Animal ecology
650 _aZoology
942 _hK:556, M7.1
_cTEXL
_2CC
999 _c74591
_d74591